Football - Anciens joueurs du Borussia Dortmund (moins de 60 matchs) - Statistiques

Statistiques générales
  • Ce quiz a été pris 126 fois
  • Le résultat moyen est 8 sur 13
Statistiques - réponses
Nationalité - Dernier club Saisons Poste Réponse % Correct
France - Paris Saint-Germain 2016 - 2017 Attaquant Ousmane Dembélé
90%
Italie - Lazio Rome 2014 - 2015 Attaquant Ciro Immobile
89%
Suède - Newcastle 2016 - 2018 Attaquant Alexander Isak
83%
Argentine - Olympique de Marseille 2019 - 2020 Défenseur Leonardo Balerdi
75%
Slovénie - RB Leipzig 2014 - 2016 Milieu Kevin Kampl
59%
Belgique - Fenerbahçe SK 2018 - 2019 Attaquant Michy Batshuayi
57%
Ukraine - Dynamo Kiev 2017 - 2018 Attaquant Andriy Yarmolenko
49%
Espagne - Betis Séville 2016 - 2018 Défenseur Marc Bartra
49%
Sénégal - Al-Arabi 2018 - 2019 Défenseur Abdou Diallo
47%
Espagne - Sharjah FC 2018 - 2020 Attaquant Paco Alcácer
47%
Turquie - Fenerbahçe SK 2016 - 2017 Attaquant Emre Mor
39%
Turquie - Antalyaspor 2017 - 2020 Défenseur Ömer Toprak
35%
Belgique - FC Séville 2015 - 2016 Attaquant Adnan Januzaj
32%
Aucun quiz correspondant
Distribution des résultats
% des personnes avec chaque résultat
Percentile par nombre de réponses
Votre historique - résultats
Vous n’avez pas pris ce quiz